| 000 | 00665cab a2200241 4500 | ||
|---|---|---|---|
| 001 | WB3418-07 | ||
| 008 | 090401t1998 xxu||||| |||| 00| 0 eng d | ||
| 035 | _a(Sirsi) u86235 | ||
| 041 | _aeng | ||
| 245 | _aBusiness Property Review | ||
| 260 | _c1998 | ||
| 350 | _a0 | ||
| 490 |
_aBirmingham Post _v14 May 1998 (21) LOAN |
||
| 520 | _aSpecial report on the commercial property market in the Birmingham region. | ||
| 650 | _aBIRMINGHAM | ||
| 650 | _aBUSINESS PROPERTY | ||
| 650 | _aG8 SUMMIT | ||
| 650 | _aM40 CORRIDOR | ||
| 650 | _aMIDLANDS | ||
| 690 | _aPROPERTY-COMMERCIAL PROPERTY-COMMERCIAL PROPERTY MARKET | ||
| 942 | _n0 | ||
| 948 | _c15/05/1998 | ||
| 999 |
_c54250 _d54250 |
||